000 00521cam a2200181 4500
001 D3356
008 090401t xxu||||| |||| 00| 0 eng d
035 _a(Sirsi) u72928
041 _aeng
050 _a526.9092
100 _aEden, Peter (ed)
245 _aDictionary of land surveyors and local cartographers of Great Britain and Ireland 1550-1850, compiled from a variety of sources...
260 _aFolkestone
_bDawson
_c1975-76
300 _a3 v bound together
350 _a18
942 _n0
948 _c04/03/1997
999 _c95542
_d95542